V Ježišovom umučení je spása sveta

Bibliographic Details
Main Author: Tremolada, Pierantonio (Author)
Format: Article
Language:Slovak
Subjects:

MARC

LEADER 00000nab a2200000 a 4500
001 vtls000764730
003 SK-MaSNL
005 20260302153221.0
008 180205c2001 xo 0 slo
015 |a SNBRB2001/08-23372 
035 |a CLN000116517 
040 |a SNKBUCL  |b slo  |c SNKBUCL  |e AACR2 
041 0 |a slo 
044 |a xo  |c SK 
080 |a 232.96  |2 UDC-MRF-SK2 
100 1 |a Tremolada, Pierantonio  |4 aut  |9 847905 
245 1 0 |a V Ježišovom umučení je spása sveta  |c Pierantonio Tremolada 
600 0 7 |a Ježiš Kristus  |x umučenie  |x výklady  |2 snkbucl  |9 847906 
655 7 |a články z novín a časopisov  |2 snkbucl  |9 267496 
773 0 |t Sväté písmo pre každého  |g Roč. 1, č. 6 (2001), s. 22-27 
850 |a Slovenská národná knižnica v Martine 
852 |a SNK  |b KIS3GCP 
958 |a RBX 
999 |c 1364769  |d 1366699